| 000 | 00738nam a2200217 i 4500 | ||
|---|---|---|---|
| 001 | 84060 | ||
| 003 | ES-MaACL | ||
| 005 | 20230906174934.0 | ||
| 007 | t| | ||
| 008 | 041119s1976 sp ||||1| spa d | ||
| 100 | 1 |
_aJaurgain, Jean de. _966197 |
|
| 245 | 1 | 0 |
_aVasconia _b: estudio histórico-crítico, (S. VI-XI) / _cJean de Jaurgain ; [traducción, Idoia Estornés Zubizarreta]. |
| 260 |
_aSan Sebastián : _bAuñamendi, _c[1976] |
||
| 300 |
_a202 p. ; _c18 cm. |
||
| 490 | 1 |
_aColección Auñamendi ; _v118 |
|
| 651 | 4 |
_aPaís Vasco- _xHistoria- _yS.V-XV. _9157636 |
|
| 700 | 1 |
_aEstornés Zubizarreta, Idoia. _948186 |
|
| 830 | 0 |
_aColección Auñamendi ; _v118 _9181019 |
|
| 852 |
_aES-MaACL _jA-6815 _bR.95765 |
||
| 999 |
_c84060 _d84060 |
||